| 000 | 00853nam a22002177a 4500 | ||
|---|---|---|---|
| 005 | 2012032905285.0 | ||
| 008 | 120329s2011 ua|||||r|||| 00| 0 ara d | ||
| 020 | _a9789770929735 | ||
| 082 |
_222 _a221.42 _bMEA |
||
| 245 | _aMeaning Of The Holy Qur’an Tran Slated In To English | ||
| 260 |
_aCairo : _bDarElshroul, _c2011. |
||
| 300 |
_a815P. ; _c24 cm. + _e1 CD. |
||
| 650 |
_916674 _aAl Quraan. |
||
| 650 |
_926245 _aIslam. |
||
| 653 |
_bAra _cMarch2012 |
||
| 700 |
_929493 _aHamid, Ahmed |
||
| 700 |
_929494 _aHamed, Mohamed |
||
| 942 |
_2ddc _cBB |
||
| 999 |
_c16616 _d16616 |
||